Personnalités par départements - Statistiques

Statistiques générales
  • Ce quiz a été pris 14 fois
  • Le résultat moyen est 8 sur 101
Statistiques - réponses
Hint Réponse % Correct
Napoléon Bonaparte Corse-du-Sud
46%
Michel Platini Meurthe-et-Moselle
46%
Marcel Pagnol Bouches-du-Rhône
38%
Emmanuel Macron Somme
38%
Chrétien de Troyes Aube
31%
Pierre Soulages Aveyron
31%
Christiane Taubira Guyane
31%
Georges Brassens Hérault
31%
Henri IV Pyrénées-Atlantiques
31%
Cyril Féraud Alpes-de-Haute-Provence
23%
Pascal Paoli Corse (Haute)
23%
Claude Nougaro Garonne (Haute)
23%
Michel Denisot Indre
23%
Geoffroy Guichard Loire
23%
Jules Verne Loire-Atlantique
23%
Aimé Césaire Martinique
23%
Charles de Gaulle Nord
23%
Antoine de Saint-Exupéry Rhône
23%
Guillaume le Conquérant Calvados
15%
Victor Hugo Doubs
15%
Le facteur Cheval Drôme
15%
Stendhal Isère
15%
Louis Pasteur Jura
15%
Maïté Landes
15%
Jean Jaurès Tarn
15%
Jeanne d'Arc Vosges
15%
Louis XV Yvelines
15%
Arthur Rimbaud Ardennes
8%
Raimond-Roger Trencavel Aude
8%
François Mitterrand Charente
8%
D'Artagnan Gers
8%
René Descartes Indre-et-Loire
8%
Rolland Garros La Réunion
8%
La Fayette Loire (Haute)
8%
Charles Péguy Loiret
8%
Michel Polnareff Lot-et-Garonne
8%
Alfred Jarry Mayenne
8%
Jean-Yves Le Drian Morbihan
8%
Paul Verlaine Moselle
8%
Thérèse de Lisieux Orne
8%
Sainte-Bernadette Pyrénées (Hautes)
8%
Yann Barthès Savoie
8%
Paul Pogba Seine-et-Marne
8%
Paul Éluard Seine-Saint-Denis
8%
Olympe de Gouges Tarn-et-Garonne
8%
Jean-Pierre Chevènement Territoire-de-Belfort
8%
Aliénor d'Aquitaine Vienne
8%
Louise de Savoie Ain
0%
Alexandre Dumas Aisne
0%
Théodord de Banville Allier
0%
Sébastien Ogier Alpes (Hautes)
0%
Simone Veil Alpes-Maritimes
0%
Frères Montgolfier Ardèche
0%
Pierre Bayle Ariège
0%
Paul Doumer Cantal
0%
Samuel de Champlain Charente-Maritime
0%
Berthe Morisot Cher
0%
Eugène Freyssinet Corrèze
0%
Buffon Côte-d'Or
0%
Bertrand du Guesclin Côtes-d'Armor
0%
Raymond Poulidor Creuse
0%
Montaigne Dordogne
0%
Michel Serrault Essonne
0%
Nicolas Poussin Eure
0%
Jeanne de France Eure-et-Loir
0%
Yann Tiersen Finistère
0%
Alphonse Daudet Gard
0%
Montesquieu Gironde
0%
Maryse Condé Guadeloupe
0%
Denis Diderot Haute-Marne
0%
Lucie Aubrac Hauts-de-Seine
0%
Robert Surcouf Ille-et-Vilaine
0%
Pierre de Ronsard Loir-et-Cher
0%
Françoise Sagan Lot
0%
Guy de Chaulhac Lozère
0%
Coco Chanel Maine-et-Loire
0%
Christian Dior Manche
0%
Jean-Baptiste Colbert Marne
0%
Zéna M’Déré Mayotte
0%
Madame du Barry Meuse
0%
Mathilde de Courtenay Nièvre
0%
Jean Calvin Oise
0%
Sarah Bernhardt Paris
0%
Louise Weiss Pas-de-Calais
0%
Blaise Pascal Puy-de-Dôme
0%
Hyacinthe Rigaud Pyrénées-Orientales
0%
Gustave Doré Rhin (Bas)
0%
Auguste Bartholdi Rhin (Haut)
0%
François Mitterand Saône-et-Loire
0%
Jacques de Molay Saône (Haute)
0%
Henri II Plantagenêt Sarthe
0%
François de Sales Savoie (Haute)
0%
Pierre Corneille Seine-Maritime
0%
Madame de Maintenon Sèvres (Deux)
0%
Adrienne Bolland Val-de-Marne
0%
Suger Val-d'Oise
0%
Raimu Var
0%
Jean-Louis Trintignant Vaucluse
0%
Georges Clémenceau Vendée
0%
Auguste Renoir Vienne (Haute)
0%
Colette Yonne
0%
Aucun quiz correspondant
Distribution des résultats
% des personnes avec chaque résultat
Percentile par nombre de réponses
Votre historique - résultats
Vous n’avez pas pris ce quiz